Flags of North American Capital Cities - Statistics

General Stats
  • This quiz has been taken 56 times
  • The average score is 12 of 17
Answer Stats
Picture Answer % Correct
Panama City
97%
Bridgetown
94%
Nassau
94%
Managua
89%
Castries
86%
Havana
86%
Belmopan
83%
Ottawa
77%
Washington, DC
77%
Mexico City
54%
Roseau
54%
Port-au-Prince
51%
San José
51%
Guatemala City
49%
San Salvador
49%
Santo Domingo
37%
Tegucigalpa
37%
No matching quizzes found
Score Distribution
Percent of People with Each Score
Percentile by Number Answered
Your Score History
You have not taken this quiz